Normal view
MARC view
- Anasori, Babak & Gogosti, Yury
Entry Personal Name
001 - CONTROL NUMBER
- control field: 89131
003 - CONTROL NUMBER IDENTIFIER
- control field: NUST
005 - DATE AND TIME OF LATEST TRANSACTION
- control field: 20220217124237.0
008 - FIXED-LENGTH DATA ELEMENTS
- fixed length control field: 220217|| aca||aabn | a|a d
040 ## - CATALOGING SOURCE
- Original cataloging agency: NUST
- Transcribing agency: NUST
100 ## - HEADING--PERSONAL NAME
- Personal name: Anasori, Babak & Gogosti, Yury
670 ## - SOURCE DATA FOUND
- Source citation: Work cat.: (NUST): 2D Metal Carbides and Nitrides (MXenes): , 2019.
